| 000 | 00650nam a2200157 a 4500 | ||
|---|---|---|---|
| 008 | 120416s1968 ||||||||||||||||| || u | ||
| 050 | _aQR 75 Sus | ||
| 100 | _aSussman, Alfred S | ||
| 245 | 1 | 0 | _aMicrobes |
| 246 | _atheir growth, nutrition and interaction | ||
| 260 |
_aLexington _bD. C. Heath _c1968 |
||
| 300 | _aix, 121p. : ill. | ||
| 350 | _a0.00 | ||
| 995 |
_aBINDERY (DAMAGED) _D0.00 _e713390 _FCBU-MAIN LIBRARY (Kitwe) _H2 _I0.80 _jQR 75 Sus _M1 _UDAMAGED _y015078 _ZMain Library Open Access Collection |
||
| 995 |
_aBINDERY (DAMAGED) _D0.00 _e713391 _FCBU-MAIN LIBRARY (Kitwe) _H1 _I0.80 _jQR 75 Sus _M2 _UDAMAGED _y015077 _ZMain Library Open Access Collection |
||
| 999 |
_c82899 _d82899 |
||